000 00679nam a2200229 a 4500
001 000011841
003 DO-SdBNP
005 20221122071438.0
008 091028s1995 dr 000 f spa d
040 _aDO-SdBNP
_bbpa
_cBPMSU
082 4 _aRD863.44
_bC399m, 1995
_222
100 1 _aCepeda Suriel, Carlos,
_d1958-
245 1 0 _aMás allá del poder /
_cCarlos Cepeda Suriel.
260 _aSanto Domingo :
_bCorripio,
_c1995.
300 _a689 p. ;
_c23 cm.
500 _aIncluye datos biográficos del autor en la solapa
590 _aInventariado, 2022/VM
650 4 _aNovela dominicana
650 4 _aLiteratura dominicana.
910 _aVMateo V./Validado
942 _2ddc
_cBK
999 _c14338
_d14338